00325nam a22001217a 450000500170000002000100001703500120002703700130003910000110005224500790006326000380014230000230018020120321112949.0 c85.00 aB-85598 aDPLbENG aGurtej aTragedy and after :bA book based on the dabwali fire tragedy /cby Gurtej aHaryanabRaman Publicationsc2001 axx, 111p.c18 cms.